000
00326nam a22001457a 4500
008
230414b ||||| |||| 00| 0 eng d
020
_a
9780815737339
041
_a
eng
080
_a
34
082
_a
34HOR
100
_a
31
101
_a
JUREDIK
245
_a
THE COURTS AND SOCIAL POLICY
_c
HOROWITZ.L.D
942
_2
udc
_c
BK
999
_c
59552
_d
59552